Guess the Harry Potter Movies by Scene #1 - Statistics

General Stats
  • This quiz has been taken 255 times
  • The average score is 16 of 20
Answer Stats
Picture Answer % Correct
Philosopher's Stone
87%
Chamber of Secrets
86%
Goblet of Fire
84%
Half-Blood Prince
84%
Philosopher's Stone
84%
Philosopher's Stone
83%
Chamber of Secrets
82%
Goblet of Fire
82%
Half-Blood Prince
80%
Goblet of Fire
79%
Goblet of Fire
78%
Order of the Phoenix
78%
Deathly Hallows – Part 2
76%
Prisoner of Azkaban
76%
Deathly Hallows – Part 1
74%
Order of the Phoenix
74%
Deathly Hallows – Part 2
73%
Prisoner of Azkaban
70%
Half-Blood Prince
69%
Half-Blood Prince
64%
No matching quizzes found
Score Distribution
Percent of People with Each Score
Percentile by Number Answered
Your Score History
You have not taken this quiz